000
00279nam a22000977a 4500
999
_c
11320
_d
11320
008
190219b ||||| |||| 00| 0 eng d
020
_a
1871228026
100
_a
Baalpe
_9
7061
245
_a
Teaching and learning Strategies in Physical Education
260
_a
Great Britian
_b
Baalpe
_c
1989